<?xml version="1.0" encoding="UTF-8"?>
<record
    xmlns:xsi="http://www.w3.org/2001/XMLSchema-instance"
    xsi:schemaLocation="http://www.loc.gov/MARC21/slim http://www.loc.gov/standards/marcxml/schema/MARC21slim.xsd"
    xmlns="http://www.loc.gov/MARC21/slim">

  <leader>01435nam a22002417a 4500</leader>
  <controlfield tag="001">BRCA_9277</controlfield>
  <controlfield tag="003">FranzMayer</controlfield>
  <controlfield tag="005">20230721113539.0</controlfield>
  <controlfield tag="008">230721b        |||||||| |||| 00| 0 eng d</controlfield>
  <datafield tag="040" ind1=" " ind2=" ">
    <subfield code="a">MFM</subfield>
    <subfield code="b">esp</subfield>
    <subfield code="c">MFM</subfield>
  </datafield>
  <datafield tag="050" ind1=" " ind2="4">
    <subfield code="a">CO21</subfield>
    <subfield code="b">F47 1772</subfield>
  </datafield>
  <datafield tag="082" ind1=" " ind2=" ">
    <subfield code="2">AE.4</subfield>
  </datafield>
  <datafield tag="100" ind1="1" ind2=" ">
    <subfield code="4">Autor</subfield>
    <subfield code="9">28888</subfield>
    <subfield code="a">Ferraris, Lucii F.</subfield>
  </datafield>
  <datafield tag="240" ind1="1" ind2=" ">
    <subfield code="a">Prompta bibliotheca canonica, juridica, moralis, theologica nec non ascetica, polemica, rubricistica, historica</subfield>
    <subfield code="h">De Principalioribus, fere Omnibus, que in dies occurrunt, nec penes omnes facile, ac proptte repeiri possunt</subfield>
    <subfield code="l">lat&#xED;n</subfield>
  </datafield>
  <datafield tag="245" ind1="0" ind2=" ">
    <subfield code="a">Prompta bibliotheca canonica, juridica, moralis, theologica nec non ascetica, polemica, rubricistica, historica</subfield>
    <subfield code="b">De Principalioribus, fere Omnibus, que in dies occurrunt, nec penes omnes facile, ac proptte repeiri possunt</subfield>
  </datafield>
  <datafield tag="260" ind1=" " ind2=" ">
    <subfield code="a">Venecia, Italia</subfield>
    <subfield code="b">Gasparem Storti</subfield>
    <subfield code="c">1772</subfield>
  </datafield>
  <datafield tag="300" ind1=" " ind2=" ">
    <subfield code="a">706 p</subfield>
    <subfield code="c">24 cm</subfield>
  </datafield>
  <datafield tag="440" ind1=" " ind2=" ">
    <subfield code="a">Prompta bibliotheca canonica, juridica, moralis, theologica nec non ascetica, polemica, rubricistica, historica</subfield>
    <subfield code="n">De Principalioribud fere omnibus, que in dies ocurrunt, nec penes omnes facile, acpromte repeiri possunt</subfield>
    <subfield code="p">Tomo 4</subfield>
    <subfield code="v">Vol 4.</subfield>
    <subfield code="9">28889</subfield>
  </datafield>
  <datafield tag="505" ind1="0" ind2=" ">
    <subfield code="a">Texto en: lat&#xED;nDirigido a: literatos, historiadores, abogados, estudiosos, investigadoresIncluye &#xED;ndice tem&#xE1;tico</subfield>
  </datafield>
  <datafield tag="650" ind1="1" ind2=" ">
    <subfield code="2">Trabajos generales</subfield>
    <subfield code="a">Enciclopedia</subfield>
    <subfield code="v">Enciclopedia general</subfield>
    <subfield code="9">28890</subfield>
  </datafield>
  <datafield tag="651" ind1="2" ind2=" ">
    <subfield code="2">Teolog&#xED;a</subfield>
    <subfield code="a">Historia</subfield>
    <subfield code="v">&#xC9;tica</subfield>
    <subfield code="x">Derecho</subfield>
    <subfield code="9">28891</subfield>
  </datafield>
  <datafield tag="942" ind1=" " ind2=" ">
    <subfield code="2">lcc</subfield>
    <subfield code="c">B</subfield>
  </datafield>
  <datafield tag="999" ind1=" " ind2=" ">
    <subfield code="c">10896</subfield>
    <subfield code="d">10896</subfield>
  </datafield>
  <datafield tag="952" ind1=" " ind2=" ">
    <subfield code="0">0</subfield>
    <subfield code="1">0</subfield>
    <subfield code="2">lcc</subfield>
    <subfield code="4">0</subfield>
    <subfield code="7">0</subfield>
    <subfield code="8">CFM</subfield>
    <subfield code="a">BRCA</subfield>
    <subfield code="b">BRCA</subfield>
    <subfield code="d">2023-07-21</subfield>
    <subfield code="e">Donaci&#xF3;n</subfield>
    <subfield code="l">0</subfield>
    <subfield code="o">CO21 F47 1772</subfield>
    <subfield code="p">CFM00513</subfield>
    <subfield code="r">2023-07-21 00:00:00</subfield>
    <subfield code="w">2023-07-21</subfield>
    <subfield code="y">B</subfield>
  </datafield>
</record>
